Sports Quiz

Random Sports or MLB Quiz

Oldest Pro Athletes in US Sports Quiz Stats

 Plays Quiz not verified by Sporcle

Challenge
Share
Tweet
Embed
Score 0/26 Timer 10:00
0 Plays Today
Birthdate Player % Correct
2/15/1972Jaromír Jágr
57.6%
11/29/1969Mariano Rivera
49.5%
5/6/1972Martin Brodeur
42.4%
3/23/1973Jason Kidd
39.4%
10/4/1972Kurt Thomas
35.4%
6/3/1970Teemu Selänne
27.3%
6/17/1970Jason Hanson
24.2%
10/22/1973Ichiro Suzuki
19.2%
10/5/1972Grant Hill
18.2%
1/13/1973Николай Хабибулин (Nikolai Khabibulin)
15.2%
5/8/1972Ray Whitney
14.1%
6/2/1972Raúl Ibañez
14.1%
6/15/1972Andy Pettitte
14.1%
Birthdate Player % Correct
8/20/1973Todd Helton
14.1%
10/6/1970Darren Oliver
11.1%
12/11/1972Daniel Alfredsson
9.1%
5/5/1973Johan Hedberg
7.1%
5/24/1973Bartolo Colón
7.1%
6/6/1973Olindo Mare
6.1%
11/25/1973Octavio Dotel
6.1%
8/29/1971Henry Blanco
5.1%
2/24/1973Алексей Ковалёв (Alex Kovalev)
4%
11/20/1973Sav Rocca
2%
6/15/1972Marcus Hahnemann
1%
7/3/1973Adrian Aucoin
0%
9/6/1973Carlo Cudicini
0%

You're not logged in!

Compare scores with friends on all Sporcle quizzes.
Join for Free
OR
Log In

You Might Also Like...

Show Comments

Extras

Top Quizzes Today


Score Distribution

Your Account Isn't Verified!

In order to create a playlist on Sporcle, you need to verify the email address you used during registration. Go to your Sporcle Settings to finish the process.

Report this User

Report this user for behavior that violates our Community Guidelines.

Details: